000
00340nam a22001457a 4500
008
221010b ||||| |||| 00| 0 eng d
020
_a
18845885566
041
_a
eng
080
_2
SECOND EDITION
_a
339.138
082
_a
339.138 PAN
100
_a
61
101
_a
LITE
245
_a
PREPARING LITERATURE REVIEWS
_c
PAN L
942
_2
udc
_c
BK
999
_c
58427
_d
58427